004350000a2200121000450024501530000065000230015365000240017665000140020065300130021404100140022710000220024177300500026310aOpilionid genus Neogovea Hinton, with a description of the first troglobitic cyphophthalmid from the western hemisphere ()14aTaxonomía animal14aMorfología animal14aOpiliones gNeogovea0 aEspañol1 aShear, William A.1 tJournal of Arachnology3343h3q165-175d1977